000 00875nam a2200205 u 4500
005 20260415064232.0
008 170118s1999 mx r 000 0 spa d
035 _aUPN01000215371
049 _aCG
050 4 _aLB3051
_bR6.2
100 1 _aRosado Chauvet, Miguel Angel de Jesús
_940218
245 1 0 _aAnálisis de itemes :
_bteoría clásica y teoría de respuesta al item : comparación y aplicaciones de tres modelos /
_cMiguel Angel de Jesús Rosado Chauvet.
260 _aMéxico :
_bM. A. de J. Rosado Chauvet,
_c1999.
300 _a220 p. :
_btablas, gráfs.
500 _aTesis (Doctrado en Educación) --- Universidad Autonóma de Tlaxcala. Departamento de Ciencias de la Educación. División de Estudios de Postgrado, 1999
650 4 _aMediciones y pruebas educativas
_94299
650 4 _aEvaluación educativa
_94298
905 _aLibro
999 _c187471
_d187471